000 00557nam a2200217Ia 4500
005 20241129120318.0
008 241129s9999||||xx |||||||||||||| ||und||
020 _a9789392186912
037 _aTB
040 _aSDCL
_beng
_cSDCL
041 _ahin
_2hin
084 _aO152,3N48 R2
_qSDCL
100 _aSharma Nasera
_9393750
245 0 _aAlfa bita gama
260 _aDelhi
_bLokbharti prakashan India
_c2022
300 _a215p
365 _aINR
_b695
650 _aHindi
942 _cTB
_hO152,3N48 R2
999 _c1234283
_d1234283